000 01916nam a2200409 i 4500
001 195502
003 SpMaBN
005 20250710063357.0
008 240619s2001 sp | ||| ||spa
016 7 _abimoBNE20020187309
_2SpMaBN
017 _aM 41603-2001
_bOficina Depósito Legal Madrid
020 _a8473562887
035 _a(OCoLC)49901314
040 _aSpMaBN
_bspa
_cSpMaBN
_erdc
_dES-MaACL
080 _a658.8.012.12
100 _aGrande Esteban, Ildefonso,
_d1954-
_0XX952925
_9237100
_eaut
240 1 0 _aFundamentos y técnicas de investigación comercial
245 1 0 _aFundamentos y técnicas de investigación comercial /
_cIldefonso Grande Esteban, Elena Abascal Fernández
250 _a6ª ed. rev. y act.
260 _aMadrid :
_bESIC,
_c2001.
300 _a454 páginas :
_bilustrado ;
_c24 cm
336 _2rdacontent
_atexto
337 _2rdamedia
_asin mediación
338 _2rdacarrier
_avolumen
504 _aBibliografía: páginas [451]-454. Índice
520 _aFundamentos y técnicas de investigación comercial 13 ª edición es un manual dirigido a todas aquellas personas, estudiantes, profesionales de la docencia o de la gestión de la empresa, deseosas de iniciarse o profundizar en el área de la investigación comercial desde la perspectiva de una ciencia auxiliar del marketing estratégico.
650 4 _aAnálisis de mercado
_2embne
_99762
700 1 _aAbascal Fernández, Elena
_eaut
_9238811
852 _aES-MaACL
_cDEPOJ
_jN-10026
_hDonación: Helena de la Joya
_xEncuadernación rústica
_9206173
903 _aJoya, Helena de la
_ednr
942 _cMONOGRAFIA
_n0
999 _c195502
_d195502